Duality in diversity: How intrapersonal and interpersonal cultural heterogeneity relate to firm performance (Record no. 514934)

000 -LEADER
fixed length control field 02024nam a22001577a 4500
008 - FIXED-LENGTH DATA ELEMENTS--GENERAL INFORMATION
fixed length control field 210102b ||||| |||| 00| 0 eng d
100 ## - MAIN ENTRY--PERSONAL NAME
Personal name Corritore, M. Goldberg, A. and Srivastava, S.B.
245 ## - TITLE STATEMENT
Title Duality in diversity: How intrapersonal and interpersonal cultural heterogeneity relate to firm performance
260 ## - PUBLICATION, DISTRIBUTION, ETC. (IMPRINT)
Place of publication, distribution, etc Administrative Science Quarterly
300 ## - PHYSICAL DESCRIPTION
Extent 65(2), Jun, 2020: p.359-394
520 ## - SUMMARY, ETC.
Summary, etc How does cultural heterogeneity in an organization relate to its underlying capacity for execution and innovation? Cultural diversity is commonly thought to present a tradeoff between task coordination and creative problem solving, with diversity arising primarily through cultural differences between individuals. In contrast, we propose that diversity can also exist within persons when individuals hold multiple cultural beliefs about the organization. We refer to these different forms as interpersonal and intrapersonal cultural heterogeneity. We argue that the former tends to undermine coordination and portends worsening firm profitability, while the latter facilitates creativity and supports greater patenting success and more positive market valuations. To evaluate these propositions, we use computational linguistics to identify cultural content in employee reviews of nearly 500 publicly traded firms on a leading company review website and then develop novel, time-varying measures of cultural heterogeneity. Our empirical results lend support for our two core propositions, suggesting the need to rethink the performance tradeoffs of cultural heterogeneity: it may be possible to reap the creativity benefits of higher intrapersonal heterogeneity and, at the same time, the efficiency benefits of lower interpersonal heterogeneity.- Reproduced
650 ## - SUBJECT ADDED ENTRY--TOPICAL TERM
Topical term or geographic name as entry element Organizational culture, Cultural diversity, Organizational innovation, Firm performance, Intrapersonal diversity
9 (RLIN) 19952
773 ## - HOST ITEM ENTRY
Main entry heading Administrative Science Quarterly
906 ## - LOCAL DATA ELEMENT F, LDF (RLIN)
Subject DIP ORGANIZATIONAL CULTURE
942 ## - ADDED ENTRY ELEMENTS (KOHA)
Item type Articles
Holdings
Withdrawn status Lost status Source of classification or shelving scheme Damaged status Not for loan Permanent location Current location Date acquired Serial Enumeration / chronology Barcode Date last seen Koha item type
          Indian Institute of Public Administration Indian Institute of Public Administration 2021-01-02 65(2), Jun, 2020: p.359-394 AR123803 2021-01-02 Articles

Powered by Koha